Siyasa shar'iyya : (Record no. 870)

000 -LEADER
fixed length control field nam a22 a 4500
003 - CONTROL NUMBER IDENTIFIER
control field AKMAL
005 - DATE AND TIME OF LATEST TRANSACTION
control field 20170505155600.0
008 - FIXED-LENGTH DATA ELEMENTS--GENERAL INFORMATION
fixed length control field 170505s1996 my 00 eng d
020 ## - INTERNATIONAL STANDARD BOOK NUMBER
International Standard Book Number 9676901296 (pbk.):
Terms of availability RM 24.00
040 ## - CATALOGING SOURCE
Original cataloging agency AKMAL
082 04 - DEWEY DECIMAL CLASSIFICATION NUMBER
Classification number 297.14 EHS
090 ## - LOCALLY ASSIGNED LC-TYPE CALL NUMBER (OCLC); LOCAL CALL NUMBER (RLIN)
Classification number (OCLC) (R) ; Classification number, CALL (RLIN) (NR) 297.14
Local cutter number (OCLC) ; Book number/undivided call number, CALL (RLIN) EHS
100 1# - MAIN ENTRY--PERSONAL NAME
Personal name Ehsanullah, Ehsan
9 (RLIN) 1860
245 10 - TITLE STATEMENT
Title Siyasa shar'iyya :
Remainder of title the anthropology of injustice : the case of Saudi Kingdom /
Statement of responsibility, etc. Ehsan Ehsanullah
260 ## - PUBLICATION, DISTRIBUTION, ETC.
Place of publication, distribution, etc. Batu Caves :
Name of publisher, distributor, etc. Thinker's Library,
Date of publication, distribution, etc. 1994
300 ## - PHYSICAL DESCRIPTION
Extent 254p. :
Other physical details ill. ;
Dimensions 22cm
500 ## - GENERAL NOTE
General note Contains verses from the Koran
650 ## - SUBJECT ADDED ENTRY--TOPICAL TERM
Topical term or geographic name entry element Islamic law
Geographic subdivision Saudi Arabia
9 (RLIN) 1861
650 ## - SUBJECT ADDED ENTRY--TOPICAL TERM
Topical term or geographic name entry element Islam
General subdivision Doctrines
9 (RLIN) 894
650 ## - SUBJECT ADDED ENTRY--TOPICAL TERM
Topical term or geographic name entry element Islam
General subdivision Government
Geographic subdivision Saudi Arabia
9 (RLIN) 1862
650 ## - SUBJECT ADDED ENTRY--TOPICAL TERM
Topical term or geographic name entry element Islam and justice
9 (RLIN) 1863
650 ## - SUBJECT ADDED ENTRY--TOPICAL TERM
Topical term or geographic name entry element Islam and politics
Geographic subdivision Saudi Arabia
9 (RLIN) 1864
650 ## - SUBJECT ADDED ENTRY--TOPICAL TERM
Topical term or geographic name entry element Islam and state
Geographic subdivision Saudi Arabia
9 (RLIN) 1865
942 ## - ADDED ENTRY ELEMENTS (KOHA)
Source of classification or shelving scheme
Koha item type Book
Holdings
Withdrawn status Lost status Source of classification or shelving scheme Damaged status Not for loan Collection code Home library Current library Shelving location Date acquired Inventory number Total Checkouts Full call number Barcode Date last seen Price effective from Koha item type
          NON-FICTION AKMAL Melaka AKMAL Melaka PINJAMAN 05.05.2017 000415   297.14 EHS 201701897 05.05.2017 05.05.2017 Book
Pusat Sumber Maklumat Dato' Haji Sarmin Md Hussin, Akademi Kastam Diraja Malaysia, Melaka
Tel: 06-2331106 | Faks: 06-2313787